| 000 | 00582nam a2200205 a 4500 | ||
|---|---|---|---|
| 001 | 3986 | ||
| 005 | 20180713183900.0 | ||
| 008 | 140415s1980 mx 000 0 spa d | ||
| 041 | _aspa | ||
| 082 |
_a636.08551 _bHUG |
||
| 100 | 1 | _aHUGHES, H.D. | |
| 245 | 1 | 0 |
_aFORRAJES : _bLA CIENCIA DE LA AGRICULTURA BASADA EN LA PRODUCCION DE PASTOS |
| 250 | _a1a ed. | ||
| 260 |
_aMEXICO : _bCECSA, _c1980 |
||
| 300 | _a758 | ||
| 650 | 1 | 4 | _aFORRAJE |
| 700 | 1 |
_aLOMA, JOSE LUIS DE LA _etr. |
|
| 740 | _aFORAGES | ||
| 700 | 1 |
_aHEATH, MAURICE E. / METCALFE, DARREL S. _ecoaut. |
|
| 999 |
_c3986 _d3986 |
||